000 00373nam a2200157Ia 4500
008 230917s9999||||xx |||||||||||||| ||und||
020 _cRS0.8
040 _e31756
_aMAIN
041 _aEnglish
082 _a658.4 G959O
100 _aGupta, R K
245 0 _aOrganixation and management
260 _aDelhi
_bShree Mahavir Book Depot
300 _a484 p.
942 _cBK
999 _c102842
_d102842